000
00285nam a2200109Ia 4500
008
200302s9999 xx 000 0 und d
100
_a
Halsey Van Orman
245
_a
Estimating for Residential Construction
260
_b
Van Nostrand Reinhold Company
260
_c
1978
300
_a
296 P.,
999
_c
110
_d
110